| 000 | 00514nam a2200181Ia 4500 | ||
|---|---|---|---|
| 008 | 240925s9999 xx 000 0 und d | ||
| 020 | _a70521824 | ||
| 082 | _a005.1 PRE | ||
| 100 | _aPressman, Roger S. | ||
| 245 | 0 | _aSoftware Engineering: a practitioner's approach | |
| 250 | _a4th | ||
| 260 |
_aNew York: _bMcGraw-Hill _c,1997. |
||
| 300 |
_avii,214p. _bNA _fPirated |
||
| 500 | _aIncludes Index | ||
| 600 | _aEngineering Technology | ||
| 650 | _aComputer science, information & general works | ||
| 942 | _cBK | ||
| 999 |
_c4052 _d4052 |
||